Magyar Növénytani Lapok IX. Évfolyam

Bibliographic Details
Main Author: Kanitz, Ágost, 1843-1896 (Author)
Corporate Author: Magyar Polgár Nyomdájában (Kluž, Rumunsko) (Printer)
Format: Serial
Language:Hungarian
PhysicalDescription:XII, 140 s. 23 cm
Published: Kolozsvárt Nyomatott A Magyar Polgár Nyomdájában MDCCCLXXXV [=1885]
Series:Magyar Növénytani Lapok IX. Januar - November
Subjects:

MARC

LEADER 00000nas a2200000 a 4500
001 vtls011585466
003 SK-MaSNL
005 20260228164359.0
008 251112 1885 rm 001 0 hun
015 |a SNBHFA1885 
020 |q (brož.) 
040 |a SNKHFA  |b slo  |c SNK  |e AACR2 
041 0 |a hun 
044 |a rm  |c RO 
072 7 |a 58  |x Botanika  |2 konspekt 
080 |a 58  |2 2011 
080 |a 582  |2 2011 
080 |a 581.9  |2 2011 
100 1 |a Kanitz, Ágost,  |d 1843-1896  |4 aut  |9 275829 
245 1 0 |a Magyar Növénytani Lapok  |n IX. Évfolyam  |c Szerkeszti És Kiadja Kanitz Ágost 
260 |a Kolozsvárt  |b Nyomatott A Magyar Polgár Nyomdájában  |c MDCCCLXXXV [=1885] 
300 |a XII, 140 s.  |c 23 cm 
310 |a Mesačník 
490 0 |a Magyar Növénytani Lapok  |v IX. Januar - November 
500 |a Rok vydania rímskymi číslicami 
500 |a V bloku zviazané a priebežne číslované mesiace január až november 
504 |a Poznámky pod textom 
504 |a Register 
561 |a Okrúhla pečiatka: Museálna Slovenská spoločnosť.  |5 SNK IC 142842 
561 |a Pečiatka: Z knižnice Andreja Kmeťa.  |5 SNK IC 142842 
650 0 7 |a flóra  |2 SNKPH  |9 85117 
700 1 |a Kmeť, Andrej,  |d 1841-1908  |4 fmo  |9 191981 
710 2 |a Magyar Polgár Nyomdájában (Kluž, Rumunsko)  |4 prt  |9 275830 
752 |a Rumunsko  |d Kluž 
852 |a snk  |b Historické fondy  |p IC 142842 
958 |a ONDV 
999 |c 13383  |d 15313 
952 |0 0  |1 0  |4 0  |7 0  |8 5  |a SNK  |b SNK  |c SNK_HF  |d 2016-10-11  |f 1  |i snk2016/23766  |l 0  |o snkIC 142842  |p 17A1129132  |r 2026-02-21 22:35:26  |t Kme X/867  |w 2026-02-21  |y PREZ